L'Eredità - Ghigliottina #1 - Statistics

Statistiche generali
  • Questo quiz è stato fatto 104 volte
  • Il punteggio medio è 2 su 5
Statistiche sulle risposte
Risposta % Corretto
La risposta è Ordine Forze: da “Forze dell’Ordine”. Fenice: l’Ordine della Fenice è una società segreta nei romanzi di J. K. Rowling. Sovrano: dal Sovrano Militare Ordine di Malta. Grandezza: l’ordine di grandezza è l'esponente della potenza di 10 che meglio approssima un numero. Avvocati: dall’Ordine degli Avvocati.
63%
La risposta è Kappa Lettera: La kappa è una lettera. Yokai: il Kappa è uno yokai. Robe: Robe di Kappa è un marchio di abbigliamento. Lancia: la Lancia Kappa è un modello di automobile. Potassio: K è il simbolo del potassio.
47%
La risposta è Oro Settantanove: numero atomico dell’oro. Petrolio: detto “oro nero”. Acqua: detta “oro blu”. Foglia: la foglia d’oro è una lamina d’oro molto sottile. Rosa: l’oro rosa è una lega.
36%
La risposta è Delta Fiume: un fiume può avere una foce a delta. Compagnia: la Delta Airlines è una compagnia aerea. Alfabeto: delta è una lettera dell’alfabeto greco. Equazione: in un’equazione di secondo grado il discriminante si indica col simbolo Δ. Triangolo: la lettera delta ha una forma triangolare.
33%
La risposta è Piramide Sociale: la piramide sociale è una rappresentazione dei ceti sociali. Roma: a Roma è presente la Piramide Cestia, da cui prende il nome una fermata della metro. Tomba: la piramide è un monumento funerario egizio. Solido: la piramide è un solido geometrico. Satellite: la piramide satellite è una piramide minore in un complesso piramidale egizio.
19%
Nessun quiz corrispondente trovato
Distribuzione punteggi
Percentuale di utenti per punteggio
Percentile per numero di risposta
I tuoi punteggi nel tempo
Non hai fatto questo quiz